[Event "IECC CL1-2010.04 email"]
[Site "IECC email"]
[Date "2011.01.21"]
[Round "?"]
[White "Delgado, Walter Mauricio"]
[Black "Agulnick, Michael"]
[Result "1-0"]
[WhiteElo "2377"]
[BlackElo "2077"]
[PlyCount "89"]
[EventDate "2010.??.??"]
[EventType "tourn (corr)"]
[EventRounds "4"]
[SourceTitle "Telechess CBM 145"]
[Source "Chessbase"]
[SourceDate "2011.11.11"]
[SourceVersion "1"]
[SourceVersionDate "2011.11.11"]
[SourceQuality "1"]
[WhiteTeam "Uruguay"]
[BlackTeam "US of America"]
[WhiteTeamCountry "URU"]
[BlackTeamCountry "USA"]

1. e4 e5 2. Nf3 Nc6 3. Bb5 Nf6 4. 0-0 Nxe4 5. Re1 Nd6 6. Nxe5 Nxe5 7. Rxe5+ Be7 8. Nc3 0-0 9. Bd3 Bf6 10. Re3 Bd4 11. Rh3 g6 12. Qg4 Qf6 13. Rf3 Qe5 14. Ne2 Bxb2 15. Bxb2 Qxb2 16. Rd1 f5 17. Qf4 Qg7 18. Bc4+ Kh8 19. Bd5 Qf6 20. Rd3 Ne8 21. Bb3 c6 22. h4 d5 23. c4 dxc4 24. Qxc4 a5 25. Nf4 Nd6 26. Qc2 Ne4 27. a4 b6 28. Re3 Bd7 29. d3 Nc5 30. d4 Nxb3 31. Qxb3 Rab8 32. Rde1 b5 33. h5 g5 34. Nd3 Be8 35. Nc5 Bf7 36. Qc2 Rbd8 37. Ne6 Bxe6 38. Rxe6 Qxd4 39. Qxc6 bxa4 40. Re7 Qf6 41. Qxa4 Qc3 42. h6 g4 43. g3 Rd4 44. Qb5 Re4 45. R1xe4 1-0

[Event "IECC CL1-2010.04 email"]
[Site "IECC email"]
[Date "2011.01.21"]
[Round "?"]
[White "Delgado, Walter Mauricio"]
[Black "Holanda, Dogeval Ferreira"]
[Result "1-0"]
[WhiteElo "2383"]
[BlackElo "2044"]
[PlyCount "51"]
[EventDate "2010.??.??"]
[EventType "tourn (corr)"]
[EventRounds "4"]
[SourceTitle "Telechess CBM 145"]
[Source "Chessbase"]
[SourceDate "2011.11.11"]
[SourceVersion "1"]
[SourceVersionDate "2011.11.11"]
[SourceQuality "1"]
[WhiteTeam "Uruguay"]
[BlackTeam "Brazil"]
[WhiteTeamCountry "URU"]
[BlackTeamCountry "BRA"]

1. e4 e6 2. d4 d5 3. Nd2 Nc6 4. c3 dxe4 5. Nxe4 Nf6 6. Nxf6+ Qxf6 7. Nf3 h6 8. Bd3 Bd7 9. 0-0 0-0-0 10. b4 Bd6 11. b5 Ne7 12. Bb2 Nf5 13. c4 g5 14. Re1 g4 15. Ne5 Bxe5 16. Rxe5 Qg5 17. Bxf5 exf5 18. d5 Qg6 19. Qa4 Qb6 20. Rd1 Rhe8 21. Bd4 Qa6 22. Qb4 Qg6 23. c5 Rxe5 24. Bxe5 Re8 25. Bg3 Re4 26. Qa3 1-0

[Event "IECC CL1-2010.04 email"]
[Site "IECC email"]
[Date "2011.01.21"]
[Round "?"]
[White "Markus, Roland"]
[Black "Delgado, Walter Mauricio"]
[Result "1/2-1/2"]
[WhiteElo "2227"]
[BlackElo "2381"]
[PlyCount "44"]
[EventDate "2010.??.??"]
[EventType "tourn (corr)"]
[EventRounds "4"]
[SourceTitle "Telechess CBM 145"]
[Source "Chessbase"]
[SourceDate "2011.11.11"]
[SourceVersion "1"]
[SourceVersionDate "2011.11.11"]
[SourceQuality "1"]
[WhiteTeam "Germany"]
[BlackTeam "Uruguay"]
[WhiteTeamCountry "GER"]
[BlackTeamCountry "URU"]

1. d4 d5 2. e4 e6 3. Nc3 Nf6 4. e5 Nfd7 5. f4 c5 6. Nf3 Nc6 7. Be3 Qb6 8. Na4 Qa5+ 9. c3 c4 10. b4 Qc7 11. Be2 b5 12. Nc5 Nxc5 13. dxc5 a5 14. a3 Be7 15. 0-0 0-0 16. Qd2 Bd7 17. Rfb1 Qb7 18. Bd1 Rfb8 19. Bc2 Qc7 20. Bf2 Ra6 21. h3 Rba8 22. Qe1 Qb7 1/2-1/2